MARC

LEADER 00000nam0a2200000 4500
001 328238
005 20231102004036.0
035 |a (RuTPU)RU\TPU\book\353938 
090 |a 328238 
100 |a 20170214d1972 km y0rusy50 ca 
101 0 |a rus 
102 |a RU 
105 |a a z 001zy 
200 1 |a Включения в легированных сталях и сплавах  |f М. И. Виноград, Г. П. Громова 
210 |a Москва  |c Металлургия  |d 1972 
215 |a 215 с.  |c ил. 
320 |a Библиогр.: с. 201-208 
606 1 |a Сталь легированная  |x Включения  |2 stltpush  |3 (RuTPU)RU\TPU\subj\56495  |9 74402 
610 1 |a легированные сплавы 
610 1 |a загрязненность 
610 1 |a макровключения 
610 1 |a микровключения 
610 1 |a состав 
610 1 |a структура 
610 1 |a экзогенные включения 
610 1 |a эндогенные включения 
610 1 |a сульфидные включения 
610 1 |a нитридные включения 
610 1 |a силикатные включения 
610 1 |a неметаллические включения 
675 |a 669.15-194  |v 4 
700 1 |a Виноград  |b М. И.  |g Мария Ипполитовна 
701 1 |a Громова  |b Г. П.  |g Галина Павловна 
801 1 |a RU  |b 63413507  |c 20170214 
801 2 |a RU  |b 63413507  |c 20170216  |g RCR 
942 |c BK